Europäische Geschichte nach Buchstaben - G - Statistiken

Allgemein
  • Dieses Quiz wurde 67 mal gespielt
  • Das Durchschnittsergebnis liegt bei 14 aus 20
Antwortstatistiken
Hinwei Antwort % Korrekt
Bezeichnung für die berüchtigte Politische Polizei des Nationalsozialismus, welche u.a. Oppositionelle, Juden, Sinti und Roma jagte Gestapo
96%
Diesem Stamm gelang es, den letzten Weströmischen Kaiser abzusetzen Goten
96%
In dieser Stadt in der Schweiz trat nach dem Ersten Weltkrieg der Völkerbund zusammen Genf
95%
Kunst- und Baustil des Spätmittelalters (Kölner Dom, Notre Dame de Paris, Mailänder Dom) Gotik
89%
Letzter Regierungschef der Sowjetunion Michail Gorbatschow
89%
Diese Stadt war eine wichtige Seehandelsrepublik des Spätmittelalters, Rivale von Venedig und Heimat von Kolumbus Genua
88%
Name von 4 aus Hannover stammenden Englischen Königen, die von 1714 bis 1830 regierten Georg
88%
Bezeichnung für die Kämpfer, die sich in römischen Amphitheatern duellierten Gladiatoren
88%
Bezeichnung für die Menschen, die während der Antike östlich des Rheins und nördlich der Donau lebten Germanen
84%
Papst, welcher 1582 einen nach sich benannten Kalender einführen ließ Gregor XIII
84%
Bezeichnung für die römische Provinzen im heutigen Frankreich Gallien
79%
Dieser Staat entstand in den 1820er-Jahren in einem Aufstand gegen das Osmanische Reich Griechenland
70%
Anführer des Französischen Widerstands gegen Nazi-Deutschland und Präsident von 1959 bis 1969 Charles de Gaulle
68%
Von diesem Politiker genutztes Schlagwort zur Erhöhung der Presse- und Meinungsfreiheit in der Sowjetunion Glasnost
66%
Diese flämische Stadt war eine der wichtigsten Handelsstädte des Spätmittelalters und Geburtsstadt von Kaiser Karl V Gent
63%
Von der Antike bis in die Frühe Neuzeit wichtiger Ruderschiff-Typ insbesondere im Mittelmeer Galeere
52%
Weit verbreitete dicke Silbermünze, die häufig 12 Pfennige wert war Grosche
36%
König von Schweden, der in den Dreißigjährigen Krieg eingriff und dabei in der Schlacht von Lützen fiel Gustav II. Adolf
32%
Wichtige, tendenziell gutbürgerliche Fraktion der Französischen Revolution die nach der Gegend um Bordeaux benannt ist Girondisten
20%
Tendenziell papsttreue Fraktion der italienischen Politik des Spätmittelalters, Widersacher der Ghibbelinen Guelfen
14%
Keine übereinstimmenden Quizze gefunden
Verteilung der Resultate
Anzahl Personen mit jedem Resultat
Perzentil nach korrekt beantworteten Fragen
Ihre Resultats-Entwicklung
Sie haben dieses Quiz noch nicht gespielt